000 01595cam a2200361Ia 4500
001 jimyenckelsgreat00yenc
003 CaSfIA
005 20210118161253.0
007 cr||||
008 860110s1985 vau 000 0 eng d
040 _aDWP
_cDWP
_dOCL
_dOCLCQ
_dCaSfIA
020 _a0936856130
_c$6.95
020 _a9780936856131
035 _a(OCoLC)13000377
043 _an-us---
092 _a917.5
_bY45
100 1 _aYenckel, Jim.
245 1 0 _aJim Yenckel's great getaway guide.
_h[electronic resource]
260 _aAlexandria, VA :
_bAndrik Associates Publ.,
_cc1985.
300 _avi, 240 p.
_bill.
500 _a"From full-of-fun bargain weeks to first class pampering and high adventure in the out-of-doors in Wash DC/MD/VA/PA/DE/NJ/NC/WV."
651 0 _aWashington Metropolitan Area
_vGuidebooks.
651 0 _aAtlantic States
_vGuidebooks.
651 0 _aSouthern States
_vGuidebooks.
650 0 _aVacations
_zAtlantic States.
650 0 _aVacations
_zSouthern States.
740 0 1 _aGreat getaway guide.
856 4 1 _uhttp://www.archive.org/details/jimyenckelsgreat00yenc
_zFree eBook from the Internet Archive
856 4 2 _uhttp://www.openlibrary.org/books/OL2750199M
_zAdditional information and access via Open Library
942 _cEB
506 _fНеобхідна авторизація на https://archive.org/ (створення облікового запису безкоштовно)
506 _fНеобхідна авторизація на https://openlibrary.org/ (створення облікового запису безкоштовно)
999 _c514323
_d514323